| 000 | 00772nam a22002531 4500 | ||
|---|---|---|---|
| 001 | 33318 | ||
| 003 | BD-RjUL | ||
| 005 | 20211209052003.0 | ||
| 008 | 140508s1965 enka b 001 0 eng d | ||
| 035 | _a(BD-RjUL)33409 | ||
| 040 |
_aDLC _cOTU _dOCoLC _dUk _dDLC _dBD-RjUL _beng |
||
| 041 | _aeng | ||
| 082 | 0 | 0 |
_a300 _bMUO 1965 |
| 100 | 1 |
_aMukerjee, Radhakamal, _d1889- _94127 |
|
| 245 | 1 | 4 |
_aThe oneness of mankind / _cby Radhakamal Mukerjee |
| 260 |
_aLondon : _bMacmillan, _c1965 [i.e. 1966] |
||
| 300 |
_ax, 107 p. : _btables. ; _c25 cm. |
||
| 504 | _aInclude index Bibliography: p. [97]-102. | ||
| 650 | 0 |
_aPhilosophical anthropology. _93634 |
|
| 650 | 0 |
_aInternational relations. _9101161 |
|
| 942 |
_2ddc _cBK |
||
| 999 |
_c33318 _d33318 |
||